[Event "KAZ-ch Seniors"]
[Site "Astana"]
[Date "2012.02.19"]
[Round "9"]
[White "Karibayev, Bulat"]
[Black "Khusainov, Hanif"]
[Result "1-0"]
[WhiteElo "2075"]
[BlackElo "2119"]
[PlyCount "54"]
[EventDate "2012.02.11"]
[EventType "swiss"]
[EventRounds "9"]
[EventCountry "KAZ"]
[SourceTitle "EXT 2014"]
[Source "ChessBase"]
[SourceDate "2013.11.20"]
[SourceVersion "1"]
[SourceVersionDate "2013.11.20"]
[SourceQuality "1"]

1. Nf3 Nf6 2. c4 c5 3. Nc3 d5 4. cxd5 Nxd5 5. g3 Nc6 6. Bg2 Nc7 7. 0-0 e5 8. a3 Be7 9. b4 a6 10. Bb2 c4 11. Ne4 f6 12. Qc2 Be6 13. Rfd1 Nd4 14. Bxd4 exd4 15. Qb2 f5 16. Nc5 Bf6 17. Nxe6 Nxe6 18. Qc2 Rc8 19. Qxf5 Qd6 20. e4 dxe3 21. dxe3 Qe7 22. Nd4 g6 23. Qg4 Nxd4 24. Qxc8+ Kf7 25. Qxc4+ Ne6 26. Ra2 b5 27. Qc6 Nd8 1-0

[Event "KAZ-ch Seniors"]
[Site "Astana"]
[Date "2012.02.18"]
[Round "8"]
[White "Khusainov, Hanif"]
[Black "Khochiev, Anatoly"]
[Result "1-0"]
[WhiteElo "2119"]
[BlackElo "2094"]
[PlyCount "55"]
[EventDate "2012.02.11"]
[EventType "swiss"]
[EventRounds "9"]
[EventCountry "KAZ"]
[SourceTitle "EXT 2014"]
[Source "ChessBase"]
[SourceDate "2013.11.20"]
[SourceVersion "1"]
[SourceVersionDate "2013.11.20"]
[SourceQuality "1"]

1. e4 d5 2. exd5 Qxd5 3. Nc3 Qa5 4. d4 Nf6 5. Nf3 c6 6. Bd2 Qc7 7. Bc4 Bf5 8. 0-0 e6 9. Re1 Be7 10. Ne5 0-0 11. Bf4 Bd6 12. Qe2 Nd5 13. Bg3 Nxc3 14. bxc3 Nd7 15. Nxd7 Qxd7 16. Bxd6 Qxd6 17. Bd3 Bxd3 18. Qxd3 Rad8 19. Rab1 Rd7 20. Re3 Rfd8 21. h3 h6 22. Rg3 b6 23. Qe3 b5 24. d5 exd5 25. Rb4 Re7 26. Qf3 Re1+ 27. Kh2 Re6 28. Rf4 1-0

[Event "KAZ-ch Seniors"]
[Site "Astana"]
[Date "2012.02.15"]
[Round "5"]
[White "Khusainov, Hanif"]
[Black "Kokarev, Viktor"]
[Result "1-0"]
[WhiteElo "2119"]
[BlackElo "2102"]
[PlyCount "52"]
[EventDate "2012.02.11"]
[EventType "swiss"]
[EventRounds "9"]
[EventCountry "KAZ"]
[SourceTitle "EXT 2014"]
[Source "ChessBase"]
[SourceDate "2013.11.20"]
[SourceVersion "1"]
[SourceVersionDate "2013.11.20"]
[SourceQuality "1"]

1. e4 e5 2. Nf3 Nc6 3. Nc3 Nf6 4. Bb5 Bb4 5. 0-0 0-0 6. Bxc6 bxc6 7. Nxe5 Re8 8. Nd3 Bxc3 9. dxc3 Nxe4 10. Re1 h6 11. Bf4 Nf6 12. Qf3 Kf8 13. h3 Ba6 14. Ne5 Re6 15. c4 c5 16. Rad1 Qe8 17. b3 Rb8 18. Nd3 d6 19. Rxe6 Qxe6 20. Qc6 Qc8 21. Nxc5 Rb6 22. Qf3 dxc5 23. Be3 Kg8 24. Bxc5 Bb7 25. Qf4 Re6 26. f3 a6 1-0

[Event "KAZ-ch Seniors"]
[Site "Astana"]
[Date "2012.02.13"]
[Round "3"]
[White "Khusainov, Hanif"]
[Black "Rakhimberdiyev, Atalyk"]
[Result "1-0"]
[WhiteElo "2119"]
[BlackElo "2137"]
[PlyCount "52"]
[EventDate "2012.02.11"]
[EventType "swiss"]
[EventRounds "9"]
[EventCountry "KAZ"]
[SourceTitle "EXT 2014"]
[Source "ChessBase"]
[SourceDate "2013.11.20"]
[SourceVersion "1"]
[SourceVersionDate "2013.11.20"]
[SourceQuality "1"]

1. e4 c5 2. Nf3 Nc6 3. Nc3 g6 4. d4 cxd4 5. Nxd4 Bg7 6. Be3 d6 7. Qd2 Bd7 8. f3 Rc8 9. h4 h5 10. Nxc6 Rxc6 11. Bb5 Rc8 12. Bxd7+ Qxd7 13. Bd4 Bh6 14. Qd3 Nf6 15. Bxa7 0-0 16. Bd4 Ne8 17. 0-0 e6 18. Rad1 Rc6 19. f4 f5 20. Qg3 Kh7 21. Rf2 Qc8 22. Qd3 fxe4 23. Nxe4 Rxf4 24. Rdf1 e5 25. Rxf4 Bxf4 26. Ng5+ Kh6 1-0

[Event "KAZ-ch Seniors"]
[Site "Astana"]
[Date "2012.02.11"]
[Round "1"]
[White "Khusainov, Hanif"]
[Black "Kirsanov, Nikita"]
[Result "1-0"]
[WhiteElo "2119"]
[BlackElo "1696"]
[PlyCount "37"]
[EventDate "2012.02.11"]
[EventType "swiss"]
[EventRounds "9"]
[EventCountry "KAZ"]
[SourceTitle "EXT 2014"]
[Source "ChessBase"]
[SourceDate "2013.11.20"]
[SourceVersion "1"]
[SourceVersionDate "2013.11.20"]
[SourceQuality "1"]

1. e4 c5 2. Nf3 e6 3. d4 cxd4 4. Nxd4 Nf6 5. Nc3 a6 6. e5 Ng8 7. Bd3 Bc5 8. Nb3 Ba7 9. Ne4 Qc7 10. Nd6+ Kf8 11. Qh5 g6 12. Bxg6 Bxf2+ 13. Kxf2 hxg6 14. Qxh8 Qxc2+ 15. Ke1 Qxg2 16. Rf1 Ke7 17. Rxf7+ Kd8 18. Qxg8+ Kc7 19. Qxc8+ 1-0

[Event "Berdsk Maestro op 15th"]
[Site "Berdsk"]
[Date "2009.07.09"]
[Round "2"]
[White "Khusainov, Hanif"]
[Black "Beletsky, Alexey"]
[Result "0-1"]
[WhiteElo "2127"]
[BlackElo "2342"]
[PlyCount "146"]
[EventDate "2009.07.08"]
[EventType "swiss"]
[EventRounds "9"]
[EventCountry "RUS"]
[SourceTitle "EXT 2022"]
[Source "ChessBase"]
[SourceDate "2021.10.06"]
[SourceVersion "1"]
[SourceVersionDate "2021.10.06"]
[SourceQuality "1"]

1. e4 Nf6 2. e5 Nd5 3. d4 d6 4. Nf3 g6 5. Bc4 Nb6 6. Bb3 Bg7 7. 0-0 0-0 8. exd6 cxd6 9. Re1 Nc6 10. c3 h6 11. a4 e5 12. dxe5 dxe5 13. a5 Qxd1 14. Rxd1 Nd7 15. a6 Nb6 16. Be3 Rd8 17. Rxd8+ Nxd8 18. Na3 bxa6 19. Rd1 Be6 20. Bxe6 Nxe6 21. Kf1 Rd8 22. Ra1 Rb8 23. Nd2 Nd5 24. Bxa7 Rxb2 25. Nac4 Rc2 26. g3 Nec7 27. Ne4 Nxc3 28. Ne3 Ra2 29. Rxa2 Nxa2 30. Bb8 Nb5 31. Nc4 f6 32. f4 exf4 33. Bxf4 Nd4 34. Nc5 Nb4 35. Bd2 Ndc6 36. Ke2 Bf8 37. Nd7 Be7 38. Bxh6 Nd4+ 39. Kf1 g5 40. h4 Nf5 41. Nxf6+ Bxf6 42. Bxg5 Bc3 43. Bf4 Nd5 44. Be5 Bb4 45. Ke2 Kf7 46. h5 Nf6 47. Kd3 Ke6 48. Bb8 Nh6 49. Bf4 Bf8 50. Bd2 Nxh5 51. Be1 Nf6 52. Kc2 Nf5 53. Kb3 Nd4+ 54. Ka4 Nc6 55. Na5 Kd5 56. Nb7 Ng4 57. Bc3 Be7 58. Bg7 Nf2 59. Bh8 Ne4 60. g4 Nf2 61. Bg7 Ne4 62. Bh8 Nc5+ 63. Nxc5 Kxc5 64. Bb2 Kb6 65. Bg7 Bc5 66. Bf6 Bb4 67. Bg7 Be1 68. Bf6 Kc5 69. Bg7 Kc4 70. Bf6 Na7 71. Bg7 Nb5 72. Bh6 Bb4 73. Bg7 Nc3+ 0-1

[Event "Berdsk Maestro op 14th"]
[Site "Berdsk"]
[Date "2008.07.15"]
[Round "8"]
[White "Khusainov, Hanif"]
[Black "Zenzera, Alexey"]
[Result "1-0"]
[WhiteElo "2151"]
[BlackElo "2002"]
[PlyCount "127"]
[EventDate "2008.07.08"]
[EventType "swiss"]
[EventRounds "9"]
[EventCountry "RUS"]
[SourceTitle "CBM 125 Extra"]
[Source "ChessBase"]
[SourceDate "2008.09.01"]
[SourceVersion "1"]
[SourceVersionDate "2008.09.01"]
[SourceQuality "1"]

1. e4 c6 2. d4 d5 3. exd5 cxd5 4. Bd3 Nc6 5. c3 Nf6 6. Bf4 Bg4 7. Qb3 Qd7 8. Nd2 e6 9. Ngf3 Bxf3 10. Nxf3 Bd6 11. Bxd6 Qxd6 12. 0-0 0-0 13. Rfe1 Nd7 14. Re3 a6 15. a4 Na5 16. Qc2 h6 17. Qe2 Rfc8 18. Nd2 Qc7 19. Rg3 Nc4 20. Qg4 g5 21. Qh5 Kg7 22. Nf3 Nf6 23. Rxg5+ hxg5 24. Qxg5+ Kf8 25. Qxf6 Qd8 26. Qh6+ Ke7 27. Bxc4 dxc4 28. Ne5 Qh8 29. Qf4 Qg7 30. Qf3 Rab8 31. a5 f6 32. Ng4 Qg5 33. Ne3 Kf7 34. h3 Qb5 35. Ng4 Qg5 36. Re1 Re8 37. Re5 f5 38. Ne3 Kf6 39. Nxc4 Rbd8 40. Re1 Rd5 41. b4 Re7 42. Ne5 Rg7 43. Nd3 Rdd7 44. Nf4 Rge7 45. Qe3 Kf7 46. g3 Qf6 47. Nd3 Rc7 48. Nf4 Rcd7 49. Qf3 Qh6 50. Kg2 Kf6 51. Re5 Qh8 52. Qe2 Qe8 53. h4 Rd6 54. Kh2 Rdd7 55. Qf3 Rd6 56. Rc5 Rc6 57. d5 Rxc5 58. bxc5 e5 59. d6 Rh7 60. Nd5+ Kg6 61. h5+ Kg7 62. g4 f4 63. Ne7 Qd7 64. h6+ 1-0

[Event "Berdsk Maestro op 14th"]
[Site "Berdsk"]
[Date "2008.07.14"]
[Round "7"]
[White "Potseluev, Sergey"]
[Black "Khusainov, Hanif"]
[Result "1-0"]
[WhiteElo "1973"]
[BlackElo "2151"]
[PlyCount "147"]
[EventDate "2008.07.08"]
[EventType "swiss"]
[EventRounds "9"]
[EventCountry "RUS"]
[SourceTitle "CBM 125 Extra"]
[Source "ChessBase"]
[SourceDate "2008.09.01"]
[SourceVersion "1"]
[SourceVersionDate "2008.09.01"]
[SourceQuality "1"]

1. d4 e6 2. c4 Nf6 3. Nc3 Bb4 4. Qc2 c5 5. dxc5 0-0 6. a3 Bxc5 7. Nf3 b6 8. Bg5 Bb7 9. e3 h6 10. Bh4 Be7 11. Be2 Nc6 12. 0-0 a6 13. Rfd1 Nh5 14. Bxe7 Nxe7 15. Rd6 Nf6 16. Qb3 Nc8 17. Rd2 Qc7 18. Rad1 d5 19. Nd4 dxc4 20. Qxc4 Qxc4 21. Bxc4 b5 22. Ba2 Nb6 23. Nc2 Rac8 24. Rd6 Na4 25. Nxa4 Rxc2 26. Bb1 Rc7 27. Nc3 g6 28. f3 Bc6 29. Bd3 Rb8 30. Rd2 Kf8 31. Be2 Ke7 32. e4 a5 33. Nd1 b4 34. axb4 Rxb4 35. R6d4 Rxd4 36. Rxd4 Rb7 37. Rd2 Bb5 38. Kf2 Nd7 39. Ne3 Nc5 40. Bc4 a4 41. Ke2 Nb3 42. Rd1 Bxc4+ 43. Nxc4 Rc7 44. Kd3 f6 45. Nb6 Nc5+ 46. Ke2 Rb7 47. Nc4 Rb4 48. Rc1 Nb3 49. Rc3 e5 50. Kd1 Nd4 51. Kd2 h5 52. h4 Ke6 53. Kd3 Nb3 54. Kc2 Ke7 55. Ne3 Nd4+ 56. Kb1 Rb7 57. Ra3 Ra7 58. Nd5+ Kf7 59. Nc3 Rb7 60. Rxa4 Nb3 61. Nd5 Nc5 62. Rc4 Ne6 63. g3 f5 64. exf5 gxf5 65. b4 Rd7 66. Ne3 f4 67. gxf4 exf4 68. Ng2 Nd4 69. Nxf4 Nxf3 70. Rc5 Nxh4 71. b5 Rd4 72. Nd5 Nf3 73. b6 Nd2+ 74. Kc2 1-0

[Event "Berdsk Maestro op 14th"]
[Site "Berdsk"]
[Date "2008.07.13"]
[Round "6"]
[White "Khusainov, Hanif"]
[Black "Kazachansky, Sergei"]
[Result "1-0"]
[WhiteElo "2151"]
[BlackElo "1972"]
[PlyCount "39"]
[EventDate "2008.07.08"]
[EventType "swiss"]
[EventRounds "9"]
[EventCountry "RUS"]
[SourceTitle "CBM 125 Extra"]
[Source "ChessBase"]
[SourceDate "2008.09.01"]
[SourceVersion "1"]
[SourceVersionDate "2008.09.01"]
[SourceQuality "1"]

1. e4 c5 2. Nf3 d6 3. d4 cxd4 4. Nxd4 Nf6 5. Nc3 Nc6 6. Be3 e5 7. Nb3 Be7 8. Be2 0-0 9. 0-0 Be6 10. f4 exf4 11. Bxf4 d5 12. exd5 Nxd5 13. Nxd5 Bxd5 14. Kh1 Bf6 15. c3 Ne5 16. Bf3 Be6 17. Nc5 Nxf3 18. Qxf3 Qd5 19. Ne4 Be5 20. Rad1 1-0

[Event "Berdsk Maestro op 14th"]
[Site "Berdsk"]
[Date "2008.07.11"]
[Round "4"]
[White "Khusainov, Hanif"]
[Black "Gryazev, Igor"]
[Result "0-1"]
[WhiteElo "2151"]
[BlackElo "1964"]
[PlyCount "78"]
[EventDate "2008.07.08"]
[EventType "swiss"]
[EventRounds "9"]
[EventCountry "RUS"]
[SourceTitle "CBM 125 Extra"]
[Source "ChessBase"]
[SourceDate "2008.09.01"]
[SourceVersion "1"]
[SourceVersionDate "2008.09.01"]
[SourceQuality "1"]

1. e4 e5 2. Nf3 Nc6 3. Nc3 Nf6 4. d4 exd4 5. Nxd4 d6 6. Bb5 Bd7 7. 0-0 Nxd4 8. Bxd7+ Qxd7 9. Qxd4 Be7 10. b3 0-0 11. Bb2 Rfe8 12. Rad1 Bf8 13. Rd3 Qc6 14. Rg3 Nh5 15. Rf3 Nf6 16. Rxf6 gxf6 17. Nd5 Bg7 18. Qd3 Kh8 19. c4 Re6 20. f3 a6 21. Qd2 Qd7 22. Nf4 Bh6 23. g3 Bxf4 24. Qxf4 Qe7 25. g4 Rg8 26. Kh1 Rg6 27. h4 Kg8 28. Rd1 b5 29. cxb5 axb5 30. a3 c6 31. Bd4 d5 32. h5 Rg5 33. h6 Qd6 34. Be3 Rg6 35. exd5 cxd5 36. Rc1 Qd8 37. Rc5 f5 38. Rxd5 Rxh6+ 39. Kg1 Qxd5 0-1